000
00207nam a22000977a 4500
082
_a
629.25 ENC'D
100
_a
DATA BOOK
_9
58775
245
_a
ENGINE OVERHAUL
260
_a
USA
_b
DATA BOOK
_c
1945
942
_c
BK
999
_c
568892
_d
568892